00362nam a2200145Ia 4500008004100000041000800041082001500049100001800064245004200082260004300124300001700167365000700184440000600191650001900197210719s1877 xx 000 0 und d aeng a821.4 MILP aMILTON (John) aPoetical works of John Milton. Vol.1. aLondonbWm. H. Allen and Companyc1877 aviii,405bHB cRs v1 aEnglish Poetry